000 00251nam a2200109Ia 4500
008 170627s9999 xx 000 0 und d
100 _aHORNGERN- SUNDEM
245 0 _aINTRO TO MANAGEMENT ACCOUNTING
260 _bPHI
260 _c2005
546 _aENGLISH
690 _aACCOUNTING
999 _c35276
_d35276